Alumnado en situación de riesgo social

Đã lưu trong:
Chi tiết về thư mục
Những tác giả chính: González Merino, Rosa María (Tác giả), Guinart Guàrdia, Susanna (Tác giả)
Định dạng: Sách
Ngôn ngữ:Tiếng Tây Ban Nha
Được phát hành: Barcelona Graó 2011
Phiên bản:1a. ed
Loạt:Escuela Inclusiva: alumnos distintos pero no diferentes, 8
Những chủ đề:
Các nhãn: Thêm thẻ
Không có thẻ, Là người đầu tiên thẻ bản ghi này!

MARC

LEADER 00000cam a2200000 a 4500
001 UCG7706
003 CL-VaPUC
008 110905e20110300SP |||||||||||||||||spa|d
020 |a 9788499800424 
082 0 4 |a 370.115  |b GON  |2 21 
100 0 |a González Merino, Rosa María  |e author  |9 558226 
700 0 |a Guinart Guàrdia, Susanna  |e author  |9 558227 
245 1 0 |a Alumnado en situación de riesgo social 
250 |a 1a. ed 
300 |a 233 p 
942 |c BK 
945 |d 20110905 00:00:00  |a dcastane 
260 |a Barcelona  |b Graó  |c 2011 
650 0 |a Calidad docente  |9 474780 
650 7 |a EDUCACION SOCIAL  |2 CL-VaPUC  |9 330279 
650 0 |a Capacitación docente  |9 312871 
583 |a last modification  |c 20140501 11:13:47  |k Rodrigo Vera 
490 0 |a Escuela Inclusiva: alumnos distintos pero no diferentes, 8 
999 |c 345489  |d 345487 
952 |0 0  |1 0  |4 0  |6 370_115000000000000_GON_2011  |7 0  |8 A  |9 444264  |a BIBEDU  |b BIBEDU  |d 2019-11-22  |i 4789962  |o 370.115 GON 2011  |p 4789962  |r 2019-11-22  |w 2019-11-22  |y BK  |k EPE 
952 |0 0  |1 0  |3 erb  |4 0  |6 370_115000000000000_GON_2011  |7 0  |8 A  |9 444265  |a BIBEDU  |b BIBEDU  |i 5077052  |o 370.115 GON 2011  |p 5077052  |r 2019-11-22  |w 2019-11-22  |y BK  |z Catalogado en:20140502  |k EPE 
952 |0 0  |1 0  |3 erb  |4 0  |6 370_115000000000000_GON_2011  |7 0  |8 A  |9 444266  |a BIBEDU  |b BIBEDU  |i 5077044  |o 370.115 GON 2011  |p 5077044  |r 2019-11-22  |w 2019-11-22  |y BK  |z Catalogado en:20140502  |k EPE 
952 |0 0  |1 0  |3 erb  |4 0  |6 370_115000000000000_GON_2011  |7 0  |8 A  |9 444267  |a BIBEDU  |b BIBEDU  |i 5077036  |o 370.115 GON 2011  |p 5077036  |r 2019-11-22  |w 2019-11-22  |y BK  |z Catalogado en:20140502  |k EPE 
952 |0 0  |1 0  |3 erb  |4 0  |6 370_115000000000000_GON_2011  |7 0  |8 A  |9 444268  |a BIBEDU  |b BIBEDU  |i 5077028  |o 370.115 GON 2011  |p 5077028  |r 2019-11-22  |w 2019-11-22  |y BK  |z Catalogado en:20140502  |k EPE 
952 |0 0  |1 0  |3 erb  |4 0  |6 370_115000000000000_GON_2011  |7 0  |8 A  |9 444269  |a BIBEDU  |b BIBEDU  |i 507701K  |o 370.115 GON 2011  |p 507701K  |r 2019-11-22  |w 2019-11-22  |y BK  |z Catalogado en:20140502  |k EPE